01622nam a2200313Ia 4500003000500000005001700005008004100022020003000063040002300093082001600116100002900132245024800161250001400409260003100423300005400454500009600508504007200604521001000676650014400686651001700830654002800847690001300875700011400888710001701002942004701019999001901066952009501085952012801180322820250610113518.0210816s9999 xx 000 0 und d a9780702 165511qPaperback aRDAbENGLISHc3228 a349.68 WILL a Wille, George 921628 0aWille's principles of South African law /cGeneral editor. François du Bois, Graham Bradfield, François du Bois, Chuma Himonga, Dale Hutchison, Karin Lehmann, Rochelle le Roux, Mohamed Paleker, Anne Pope, CG van der Merwe and Daniel Visser a9th ed. / aCape Town :bJuta, c2007. aclxxvii, 1269 pagesbColour illustrations:c25 cm aGeneral editor: Francois du Bois; with chapters by Graham Bradfield [and others]--On cover. aIncludes bibliographical references (pages clxv-clxxvii) and index. aAdult 2General / by François du Bois -- Persons and family / by Chuma Himonga -- Property / by C.G. van der Merwe with Anne Pope -- Obligations. aSouth Africa 2Civil law South Africa 285857998 aGraham Bradfield, Sharon Steyn, Bronnwyn Schmidt, AN dtp Services, Cape Town, CTP Book Printers, Cape9194099 aJuta9193757 cBOOK2ddcy12663zPriscilla Nozizwe Mogale c125784d125783 00104070aMAFELbMAFELd2021-08-17g49.00l0p33228022715294r2021-08-17w2021-08-17yBK 00102ddc40708300aMKHULbMKHULcNon_Fictiond2025-06-10l0o349.68 WILLp33228 02295002 4r2025-06-10w2025-06-10yBOOK